|
|
|
|
| LEADER |
00715nab a2200169 i 4500 |
| 001 |
misc13014 |
| 005 |
20191106141512.0 |
| 008 |
170607s1979 hu o 0|| hun d |
| 022 |
|
|
|a 0025-0260
|
| 040 |
|
|
|a SZTE Miscellanea Repozitórium
|b hun
|
| 041 |
|
|
|a hun
|
| 245 |
0 |
0 |
|a Hazai egyetemeken szerzett doktori címek neveléstudományból
|h [elektronikus dokumentum] :
|b 1975-1978
|
| 260 |
|
|
|c 1979
|
| 300 |
|
|
|a 316-320
|
| 490 |
0 |
|
|a Magyar pedagógia : a Magyar Tudományos Akadémia Pedagógiai Bizottságának folyóirata
|v 79 No. 3
|
| 695 |
|
|
|a Disszertáció doktori magyar bibliográfia 1975-1978, Egyetemek, Doktori fokozatok
|
| 856 |
4 |
0 |
|u http://misc.bibl.u-szeged.hu/13014/1/mp_1979_003_5434_316-320.pdf
|z Dokumentum-elérés
|